书目信息 |
| 题名: |
图书馆与馆配商合作效益研究
|
|
| 作者: | 宋旅黄 著 | |
| 分册: | ||
| 出版信息: | 北京 中国社会科学出版社 2018 |
|
| 页数: | 244页 | |
| 开本: | 24cm | |
| 丛书名: | ||
| 单 册: | ||
| 中图分类: | G253.1 | |
| 科图分类: | ||
| 主题词: | 图书采购--Tu Shu Cai Gou--研究 | |
| 电子资源: | ||
| ISBN: | 978-7-5203-3885-1 | |
| 000 | 01027nam 2200241 450 | |
| 001 | 012001003819 | |
| 005 | 20131014140418.0 | |
| 010 | @a978-7-5203-3885-1@dCNY99.00 | |
| 099 | @aCAL 012019064680 | |
| 100 | @a20190102d2018 em y0chiy50 ea | |
| 101 | 0 | @achi |
| 102 | @aCN@b110000 | |
| 105 | @ay z 000yy | |
| 106 | @ar | |
| 200 | 1 | @a图书馆与馆配商合作效益研究@Atu shu guan yu guan pei shang he zuo xiao yi yan jiu@f宋旅黄著 |
| 210 | @a北京@c中国社会科学出版社@d2018 | |
| 215 | @a244页@d24cm | |
| 330 | @a馆配商是专门为图书馆配送图书文献的图书发行商,是图书馆采集各类图书文献的主要渠道,是图书馆与出版社的中介。本书以提升图书馆与馆配商的合作效益为目标,在系统梳理国内外图书馆与馆配商合作效益研究成果的基础上,深入探讨了图书馆与馆配商合作及其效益追求的理论依据和实践动因,以若干实例,分析了我国图书馆与馆配商合作效益的现状及存在的问题。 | |
| 606 | 0 | @a图书采购@ATu Shu Cai Gou@x研究 |
| 690 | @aG253.1@v5 | |
| 701 | 0 | @a宋旅黄@Asong lv huang@4著 |
| 801 | @b江苏凤凰@c20191020 | |
| 905 | @b1234028-33@dG253.1@e145@f6 | |
| 图书馆与馆配商合作效益研究/宋旅黄著.-北京:中国社会科学出版社,2018 |
| 244页;24cm |
| ISBN 978-7-5203-3885-1:CNY99.00 |
| 馆配商是专门为图书馆配送图书文献的图书发行商,是图书馆采集各类图书文献的主要渠道,是图书馆与出版社的中介。本书以提升图书馆与馆配商的合作效益为目标,在系统梳理国内外图书馆与馆配商合作效益研究成果的基础上,深入探讨了图书馆与馆配商合作及其效益追求的理论依据和实践动因,以若干实例,分析了我国图书馆与馆配商合作效益的现状及存在的问题。 |
| ● |
| 相关链接 |
|
|
|
|
正题名:图书馆与馆配商合作效益研究
索取号:G253.1/145
 
预约/预借
| 序号 | 登录号 | 条形码 | 馆藏地/架位号 | 状态 | 备注 |
| 1 | 1234028 | 212340288 | 第一样本阅览室/ [索取号:G253.1/145] | 在馆 | |
| 2 | 1234029 | 212340297 | 第四借阅区/ [索取号:G253.1/145] | 在馆 | |
| 3 | 1234030 | 212340304 | 第四借阅区/ [索取号:G253.1/145] | 在馆 | |
| 4 | 1234031 | 212340313 | 教育系资料室/ [索取号:G253.1/145] | 在馆 | |
| 5 | 1234032 | 212340322 | 教育系资料室/ [索取号:G253.1/145] | 在馆 | |
| 6 | 1234033 | 212340331 | 教育系资料室/ [索取号:G253.1/145] | 在馆 |